[Event "Ifjusagi csapatbajnoksag"]
[Site "Budapest"]
[Date "2015.08.27"]
[Round "2.20"]
[White "Gorcsi, Gabor"]
[Black "Kassay, Krisztian"]
[Result "1-0"]
[WhiteElo "2192"]
[BlackElo "2153"]
[PlyCount "87"]
[EventDate "2015.??.??"]

1. Nf3 Nf6 2. c4 e6 3. b3 b6 4. Bb2 Bb7 5. e3 c5 6. Be2 Be7 7. O-O O-O 8. Nc3
a6 9. d4 cxd4 10. exd4 d6 11. Qc2 Nbd7 12. Rfd1 Rc8 13. Rac1 Qc7 14. Qd3 Qb8
15. Ba3 Rfe8 16. Nd2 Nf8 17. Bf3 Bxf3 18. Qxf3 b5 19. Ne2 Ng6 20. g3 e5 21. Qf5
exd4 22. Nxd4 b4 23. Bb2 Rc5 24. Qc2 Qc8 25. Re1 Rh5 26. N4f3 Ng4 27. Qe4 N6e5
28. Nxe5 dxe5 29. Nf1 Bc5 30. Rc2 Qe6 31. Ree2 Rd8 32. Rcd2 Re8 33. Qd5 Qb6 34.
Bd4 Bxd4 35. Qxd4 Qg6 36. Qd7 Rf8 37. Qe7 h6 38. Qxb4 Qb1 39. Kg2 e4 40. c5 Re8
41. c6 e3 42. Qxg4 exd2 43. Rxe8+ Kh7 44. Nxd2 1-0

[Event "Ifjusagi csapatbajnoksag"]
[Site "Budapest"]
[Date "2015.08.27"]
[Round "2.21"]
[White "Vanczak, Tamas"]
[Black "Csuta, Akos Koppany"]
[Result "1-0"]
[WhiteElo "2071"]
[BlackElo "2008"]
[PlyCount "59"]
[EventDate "2015.??.??"]

1. e4 c5 2. Nf3 e6 3. d4 cxd4 4. Nxd4 Qc7 5. Bd3 Nc6 6. Nb3 Bd6 7. h3 a6 8. Nc3
Nf6 9. O-O Bb4 10. Bd2 b5 11. Qe2 Bb7 12. Rae1 O-O 13. e5 Nd5 14. Nxd5 exd5 15.
Bxb4 Nxb4 16. Nd4 Rae8 17. f4 Qb6 18. c3 d6 19. Kh1 dxe5 20. fxe5 Nc6 21. e6
Re7 22. Rxf7 Rfxf7 23. exf7+ Kxf7 24. Qh5+ g6 25. Qxh7+ Ke8 26. Qxg6+ Kd7 27.
Bf5+ Kc7 28. Qg3+ Kd8 29. Qd6+ Ke8 30. Rxe7+ 1-0

[Event "Ifjusagi csapatbajnoksag"]
[Site "Budapest"]
[Date "2015.08.27"]
[Round "2.22"]
[White "Kovacs, Judit"]
[Black "Kassay, Lilla"]
[Result "0-1"]
[WhiteElo "1910"]
[BlackElo "2017"]
[PlyCount "64"]
[EventDate "2015.??.??"]

1. d4 Nf6 2. c4 e6 3. Nc3 Bb4 4. e3 b6 5. Nge2 Bb7 6. a3 Bxc3+ 7. Nxc3 d6 8.
Be2 Nbd7 9. Bf3 Qc8 10. O-O O-O 11. e4 e5 12. d5 h6 13. b4 Re8 14. Be3 Nf8 15.
Rc1 Ng6 16. g3 Qd8 17. h4 Bc8 18. c5 Bh3 19. Bg2 Qd7 20. cxd6 cxd6 21. Qd3 Qg4
22. Qd1 Qd7 23. Re1 Rec8 24. Bf3 Bg4 25. Bxg4 Nxg4 26. a4 Rc4 27. Qb3 Rac8 28.
Bd2 Nf6 29. Qb1 Qh3 30. Nd1 Ng4 31. Rxc4 Rxc4 32. Qd3 Nxh4 0-1

[Event "Ifjusagi csapatbajnoksag"]
[Site "Budapest"]
[Date "2015.08.27"]
[Round "2.23"]
[White "Papp, Levente"]
[Black "Fekete, Agnes"]
[Result "1-0"]
[WhiteElo "1944"]
[BlackElo "1795"]
[PlyCount "67"]
[EventDate "2015.??.??"]

1. c4 c5 2. g3 d6 3. Bg2 Nf6 4. Nc3 g6 5. d3 Bg7 6. e4 O-O 7. Nge2 Nc6 8. h3
Bd7 9. O-O Rb8 10. f4 a6 11. a4 Qc8 12. Kh2 e5 13. g4 Nb4 14. Ng3 exf4 15. Bxf4
Ne8 16. Bg5 f6 17. Be3 b5 18. axb5 axb5 19. cxb5 Bxb5 20. Nxb5 Rxb5 21. h4 Nc6
22. Rb1 Ne5 23. Bh3 Qb7 24. b3 Nc7 25. g5 Na6 26. gxf6 Rxf6 27. Bf4 Nb4 28.
Bxe5 dxe5 29. Rxf6 Bxf6 30. Qg4 Nxd3 31. Qe6+ Qf7 32. Qc6 Qb7 33. Qxf6 Nf4 34.
Bf1 1-0

[Event "Ifjusagi csapatbajnoksag"]
[Site "Budapest"]
[Date "2015.08.27"]
[Round "2.24"]
[White "Csetneki, Mark"]
[Black "Csendi, Balazs"]
[Result "0-1"]
[WhiteElo "1873"]
[BlackElo "1885"]
[PlyCount "36"]
[EventDate "2015.??.??"]

1. d4 Nf6 2. c4 c5 3. d5 e6 4. Nc3 exd5 5. cxd5 d6 6. e4 a6 7. a4 g6 8. Bc4 Bg7
9. Nge2 O-O 10. O-O Re8 11. Bg5 Nbd7 12. f4 Qc7 13. Bxf6 Nxf6 14. Ng3 Ng4 15.
Qe2 Bd4+ 16. Kh1 Qe7 17. Rf3 Nxh2 18. Nf5 Bxf5 0-1

[Event "Ifjusagi csapatbajnoksag"]
[Site "Budapest"]
[Date "2015.08.27"]
[Round "2.25"]
[White "Kokeny, Norbert Adrian"]
[Black "Terbe, Julianna"]
[Result "0-1"]
[WhiteElo "2123"]
[BlackElo "2232"]
[PlyCount "84"]
[EventDate "2015.??.??"]

1. d4 d6 2. Nf3 Nd7 3. e4 g6 4. Bc4 Nb6 5. Bb3 Bg7 6. O-O Nf6 7. Qe2 O-O 8. Bg5
h6 9. Bh4 g5 10. Bg3 Nh5 11. c3 Bg4 12. h3 Nxg3 13. fxg3 Bh5 14. g4 Bg6 15.
Nbd2 e6 16. Nc4 Nxc4 17. Bxc4 c5 18. d5 Re8 19. Rad1 Qb6 20. Rfe1 Rad8 21. Kh1
a6 22. a4 Re7 23. Qd2 Qa5 24. Ra1 exd5 25. Qxd5 Qb6 26. Rab1 Rde8 27. Nd2 Be5
28. Bd3 Bg3 29. Re2 Re5 30. Qa2 d5 31. Nf3 dxe4 32. Nxe5 exd3 33. Re3 Rxe5 34.
Rxe5 Bxe5 35. Rd1 Qf6 36. Kg1 Bg3 37. Rf1 Qe5 38. Qb3 Qe3+ 39. Kh1 d2 40. Qd5
Qe1 41. Qf3 Qxf1+ 42. Qxf1 Bc2 0-1

[Event "Ifjusagi csapatbajnoksag"]
[Site "Budapest"]
[Date "2015.08.27"]
[Round "2.26"]
[White "Berta, Sandor"]
[Black "Simon, Lili"]
[Result "1-0"]
[WhiteElo "2121"]
[BlackElo "2077"]
[PlyCount "153"]
[EventDate "2015.??.??"]

1. e4 e5 2. Nf3 Nc6 3. Bc4 Bc5 4. c3 Nf6 5. d3 a6 6. Bb3 Ba7 7. Nbd2 O-O 8. O-O
d6 9. h3 Ne7 10. Re1 Ng6 11. Nf1 b5 12. Be3 c5 13. Ng3 Bb7 14. Bg5 h6 15. Bd2
Nf4 16. Bc2 Re8 17. Qc1 N6h5 18. Nf5 Bc8 19. g3 Bxf5 20. exf5 Nd5 21. Bb3 c4
22. dxc4 bxc4 23. Bxc4 Qb6 24. Re3 Nxe3 25. Bxe3 Qc6 26. Be2 Bxe3 27. Qxe3 Nf6
28. Rd1 Rab8 29. b3 Rec8 30. c4 a5 31. Qd2 Ne4 32. Qd3 Rb6 33. Nd2 Nxd2 34.
Rxd2 a4 35. Bf3 Qc7 36. Be4 axb3 37. axb3 Rcb8 38. Rb2 Qc5 39. Qc3 Qa3 40. Bc2
Qa1+ 41. Kg2 Ra6 42. Bb1 Rba8 43. Qc2 Rb8 44. h4 Qa5 45. f6 g6 46. h5 e4 47.
hxg6 Qe5 48. Qd2 fxg6 49. Qxh6 Qxf6 50. Rd2 Qg7 51. Qf4 Qe5 52. Qh6 Qe6 53. Re2
d5 54. cxd5 Qxd5 55. Bxe4 Qxb3 56. Qg5 Rb5 57. Qd8+ Kg7 58. Qd7+ Kh6 59. Qc8
Ra7 60. Qh8+ Rh7 61. Qf8+ Rg7 62. Re1 Rh5 63. Bf3 Qf7 64. Qh8+ Rh7 65. Qc3 Rf5
66. Rh1+ Rh5 67. Bxh5 gxh5 68. Rd1 Qb7+ 69. Kg1 Qb6 70. Qe5 Rg7 71. Rd6+ Qxd6
72. Qxd6+ Rg6 73. Qe5 Rg5 74. Qf6+ Rg6 75. Qh8+ Kg5 76. f4+ Kg4 77. Kg2 1-0

[Event "Ifjusagi csapatbajnoksag"]
[Site "Budapest"]
[Date "2015.08.27"]
[Round "2.27"]
[White "Bege, Levente"]
[Black "Laza, Szabolcs"]
[Result "0-1"]
[WhiteElo "1966"]
[BlackElo "2150"]
[PlyCount "76"]
[EventDate "2015.??.??"]

1. e4 c5 2. Nf3 d6 3. d4 cxd4 4. Nxd4 Nf6 5. Nc3 Nc6 6. Bg5 e6 7. Qd2 a6 8.
O-O-O h6 9. Be3 Bd7 10. f4 b5 11. Bd3 Qc7 12. Kb1 Be7 13. h3 Na5 14. Nf3 b4 15.
Ne2 Nc4 16. Bxc4 Qxc4 17. e5 Ne4 18. Qd3 Rc8 19. Qxc4 Rxc4 20. exd6 Nxd6 21.
Ne5 Re4 22. Bc5 Rxe2 23. Bxd6 Bb5 24. Rhg1 g5 25. g3 Rg8 26. Bxe7 Kxe7 27. b3
Rc8 28. Rc1 Rc3 29. Kb2 f6 30. Ng4 h5 31. Nh6 Bd3 32. fxg5 fxg5 33. Ka1 Rcxc2
34. Rxc2 Rxc2 35. Rd1 Bg6 36. Rf1 Rc8 37. g4 h4 38. Re1 Kf6 0-1

[Event "Ifjusagi csapatbajnoksag"]
[Site "Budapest"]
[Date "2015.08.27"]
[Round "2.28"]
[White "Marosi, Levente"]
[Black "Bege, Mate"]
[Result "1/2-1/2"]
[WhiteElo "2212"]
[BlackElo "1935"]
[PlyCount "108"]
[EventDate "2015.??.??"]

1. e4 c5 2. Nf3 d6 3. d4 cxd4 4. Nxd4 Nf6 5. Nc3 Nc6 6. Bg5 Bd7 7. Qd2 Rc8 8.
O-O-O Nxd4 9. Qxd4 Qa5 10. f4 Qc5 11. Bxf6 gxf6 12. Qd2 Bg7 13. Be2 f5 14. e5
Bc6 15. exd6 Rd8 16. Bf3 Rxd6 17. Bxc6+ Qxc6 18. Qe3 Re6 19. Qxa7 O-O 20. Nd5
Re2 21. c3 Kh8 22. g3 e6 23. Nb4 Qe4 24. Qb6 h5 25. Rhf1 Rxh2 26. Rd2 Rh3 27.
Qf2 Rc8 28. Rfd1 Kh7 29. Nc2 h4 30. Re1 Qa4 31. gxh4 Qxa2 32. Qg2 Rxh4 33. Rh1
Rxh1+ 34. Qxh1+ Kg8 35. Qxb7 Qc4 36. Qf3 e5 37. Rg2 Qxf4+ 38. Qxf4 exf4 39. Ne1
Kf8 40. Kc2 Re8 41. Nf3 Re3 42. Rf2 Ke7 43. Nd2 Bh6 44. Rf3 Ke6 45. Kb3 Kd5 46.
Rf2 Bg5 47. Nf3 Bf6 48. Nd2 Bg5 49. Kc2 Bh6 50. Nf1 Re1 51. Rf3 Re2+ 52. Nd2
Re3 53. Rf1 Re2 54. Rf3 Re3 1/2-1/2

[Event "Ifjusagi csapatbajnoksag"]
[Site "Budapest"]
[Date "2015.08.27"]
[Round "2.29"]
[White "Lengyel, Andrea"]
[Black "Terbe, Zsuzsanna"]
[Result "0-1"]
[WhiteElo "1780"]
[BlackElo "2103"]
[PlyCount "74"]
[EventDate "2015.??.??"]

1. d4 d5 2. Nf3 Nf6 3. c4 c6 4. e3 Bg4 5. h3 Bh5 6. Nc3 e6 7. Be2 Nbd7 8. Ne5
Nxe5 9. dxe5 Bxe2 10. Qxe2 Nd7 11. cxd5 exd5 12. f4 Bc5 13. O-O O-O 14. Bd2 Qe7
15. Kh2 f6 16. exf6 Nxf6 17. Rae1 Rae8 18. Qd3 Ne4 19. Nxe4 Qxe4 20. Qxe4 Rxe4
21. Kg3 Rfe8 22. Kf3 Kf7 23. a3 a5 24. g4 a4 25. Rh1 b5 26. h4 d4 27. exd4 Rxe1
28. Rxe1 Rxe1 29. Bxe1 Bxd4 30. Bc3 Bxc3 31. bxc3 c5 32. Ke3 b4 33. Kd3 b3 34.
h5 c4+ 35. Kd2 Ke6 36. Kd1 Kd5 37. Kd2 h6 0-1

[Event "Ifjusagi csapatbajnoksag"]
[Site "Budapest"]
[Date "2015.08.27"]
[Round "2.31"]
[White "Egri, Laszlo Jr"]
[Black "Nagybiro, Laszlo"]
[Result "1-0"]
[WhiteElo "2157"]
[BlackElo "2029"]
[PlyCount "59"]
[EventDate "2015.??.??"]

1. Nf3 Nf6 2. c4 c5 3. Nc3 Nc6 4. g3 d6 5. Bg2 Bd7 6. O-O Qc8 7. d4 h5 8. dxc5
dxc5 9. Bf4 Ng4 10. h3 e5 11. Bg5 Nf6 12. Bxf6 gxf6 13. Ne4 Be7 14. Nd6+ Bxd6
15. Qxd6 Rh6 16. Ng5 Nd4 17. Ne4 Qc6 18. e3 Ne6 19. Nxf6+ Rxf6 20. Bxc6 Bxc6
21. Qxe5 Rg6 22. Qh8+ Nf8 23. Rad1 Bd7 24. Rd5 O-O-O 25. Rfd1 b6 26. h4 Re6 27.
Qg8 Re7 28. Qg7 Rde8 29. Qf6 Ng6 30. Rxd7 1-0

[Event "Ifjusagi csapatbajnoksag"]
[Site "Budapest"]
[Date "2015.08.27"]
[Round "2.32"]
[White "Varadi, Benedek"]
[Black "Ugroczky, Peter"]
[Result "0-1"]
[WhiteElo "2072"]
[BlackElo "2170"]
[PlyCount "112"]
[EventDate "2015.??.??"]

1. d4 d5 2. c4 e6 3. Nf3 Nf6 4. e3 Be7 5. Nbd2 O-O 6. b3 c6 7. Bd3 Nbd7 8. O-O
b6 9. Bb2 Bb7 10. e4 c5 11. cxd5 exd5 12. e5 Ne8 13. Qe2 Nc7 14. Rad1 Ne6 15.
g3 Qc7 16. Rfe1 Rac8 17. Bb1 g6 18. Nf1 Rfd8 19. dxc5 bxc5 20. Ne3 d4 21. Nc4
Qc6 22. Be4 Qxe4 23. Qxe4 Bxe4 24. Rxe4 Nb6 25. Nfd2 Nd5 26. Nf3 Rb8 27. h4 Nb4
28. a3 Nc6 29. Rd3 Rb7 30. Nfd2 a5 31. f4 h5 32. a4 Nc7 33. Rf3 Nd5 34. f5 Bf8
35. e6 f6 36. fxg6 Kg7 37. g4 Kxg6 38. gxh5+ Kxh5 39. Nf1 Rg7+ 40. Ng3+ Kh6 41.
Kf2 Kh7 42. Nf5 Rg8 43. Rg3 Rxg3 44. Nxg3 Rb8 45. Nd2 Nc3 46. Bxc3 dxc3 47. Nc4
Rxb3 48. Ne2 c2 49. Nxa5 Nxa5 50. e7 Bxe7 51. Rxe7+ Kg6 52. Rc7 Rb2 53. Nc1 Nb3
54. Rb7 Nxc1 55. Rxb2 Nd3+ 56. Ke2 c1=Q 0-1

[Event "Ifjusagi csapatbajnoksag"]
[Site "Budapest"]
[Date "2015.08.27"]
[Round "2.33"]
[White "Czupor, Attila"]
[Black "Werner, Anna"]
[Result "1-0"]
[WhiteElo "2125"]
[BlackElo "1999"]
[PlyCount "71"]
[EventDate "2015.??.??"]

1. e4 e6 2. d4 d5 3. Nc3 Nf6 4. exd5 exd5 5. Bg5 Be7 6. Bd3 Nc6 7. Nge2 Nb4 8.
O-O Nxd3 9. Qxd3 O-O 10. Rae1 c6 11. f4 Re8 12. Ng3 b5 13. Re3 Ng4 14. Bxe7
Rxe7 15. Rxe7 Qxe7 16. h3 Nf6 17. Qd2 Bd7 18. Re1 Qd6 19. Nd1 h5 20. Nf2 h4 21.
Nf1 Bf5 22. Re5 Be4 23. Qe2 Nd7 24. Nxe4 dxe4 25. Qxe4 Nxe5 26. fxe5 Qh6 27.
Ne3 Rd8 28. Nf5 Qg5 29. Kh2 g6 30. Nxh4 Qd2 31. Nf3 Qc1 32. e6 f5 33. Qh4 Re8
34. Qf6 Qf4+ 35. Kh1 Qc7 36. Qxg6+ 1-0

[Event "Ifjusagi csapatbajnoksag"]
[Site "Budapest"]
[Date "2015.08.27"]
[Round "2.35"]
[White "Szukics, Adam"]
[Black "Majnay, Peter"]
[Result "1-0"]
[WhiteElo "2058"]
[BlackElo "1799"]
[PlyCount "75"]
[EventDate "2015.??.??"]

1. e4 e5 2. Nf3 Nc6 3. Bb5 a6 4. Ba4 Nf6 5. O-O Be7 6. Re1 b5 7. Bb3 O-O 8. d4
d6 9. c3 Bg4 10. Be3 Na5 11. dxe5 Bxf3 12. Qxf3 dxe5 13. Rd1 Qc8 14. Nd2 Rd8
15. h3 Qb7 16. Bc2 Qc6 17. Qg3 Qe6 18. b3 c5 19. Nf3 Nc6 20. Ng5 Qc8 21. f4
exf4 22. Qxf4 Qb8 23. Qf2 Qe5 24. b4 c4 25. Bd2 a5 26. Nf3 Qc7 27. bxa5 Rxa5
28. Nd4 Bc5 29. Be3 Bxd4 30. cxd4 Ra3 31. d5 Ne5 32. Bb6 Qd7 33. Bxd8 Qxd8 34.
d6 Qd7 35. Qc5 Rg3 36. Qxe5 Qxh3 37. Rd2 g6 38. Qxf6 1-0

[Event "Ifjusagi csapatbajnoksag"]
[Site "Budapest"]
[Date "2015.08.27"]
[Round "2.36"]
[White "Hegedus, Dominik"]
[Black "Gombos, Bettina"]
[Result "1/2-1/2"]
[WhiteElo "1769"]
[BlackElo "1913"]
[PlyCount "109"]
[EventDate "2015.??.??"]

1. e4 c5 2. Nf3 e6 3. c4 d6 4. Nc3 Nf6 5. d4 cxd4 6. Nxd4 a6 7. Be3 Be7 8. Be2
O-O 9. O-O Qc7 10. Rc1 Nbd7 11. f4 b6 12. Bf3 Bb7 13. b4 Rac8 14. f5 e5 15. Nb3
Qb8 16. Nd5 Bxd5 17. cxd5 Rxc1 18. Qxc1 Rc8 19. Qd2 Rc4 20. g4 Qc8 21. Rc1
Rxc1+ 22. Qxc1 Qxc1+ 23. Bxc1 b5 24. Na5 Bd8 25. Nc6 Bb6+ 26. Kf1 h6 27. h4 Ne8
28. Be2 Ndf6 29. Bf3 Nd7 30. g5 hxg5 31. hxg5 Kf8 32. Ke2 Bc7 33. Be3 Nb6 34.
Bxb6 Bxb6 35. Nb8 Bd8 36. Nxa6 Bxg5 37. Kd1 Bd8 38. Be2 Nf6 39. Bd3 g5 40. fxg6
fxg6 41. Ke2 g5 42. Kf3 g4+ 43. Kg3 Kg7 44. Bxb5 Nxe4+ 45. Kxg4 Nf6+ 46. Kf5
Nxd5 47. Ke6 Nc3 48. Bc4 e4 49. Kxd6 e3 50. Nc5 Nxa2 51. b5 Kf6 52. Bxa2 Be7+
53. Kd5 Bxc5 54. Bc4 Bb6 55. Ke4 1/2-1/2

[Event "Ifjusagi csapatbajnoksag"]
[Site "Budapest"]
[Date "2015.08.27"]
[Round "2.37"]
[White "Csonka, Balazs"]
[Black "Szajbely, Zsigmond"]
[Result "1-0"]
[WhiteElo "2410"]
[BlackElo "2241"]
[PlyCount "95"]
[EventDate "2015.??.??"]

1. d4 Nf6 2. c4 g6 3. Nc3 Bg7 4. e4 d6 5. Nf3 O-O 6. Be2 e5 7. O-O Na6 8. Be3
Ng4 9. Bg5 Qe8 10. Re1 exd4 11. Nd5 c6 12. Ne7+ Kh8 13. Nxc8 Rxc8 14. Nxd4 Nf6
15. f3 Qe5 16. Be3 d5 17. Qb3 Nd7 18. cxd5 Nac5 19. Qa3 cxd5 20. exd5 Qxd5 21.
Rad1 Qe5 22. Bf2 Qf6 23. b4 Na6 24. Bxa6 bxa6 25. Ne6 fxe6 26. Rxd7 e5 27. Rxa7
Rc6 28. Qd3 Rd8 29. Qe4 Rcd6 30. Bh4 g5 31. Bg3 Rd5 32. Rxg7 Kxg7 33. Bxe5 Rxe5
34. Qxe5 Rd2 35. a4 Rb2 36. Qxf6+ Kxf6 37. Re4 Kf5 38. h4 h6 39. Kh2 Ra2 40. a5
Rb2 41. Kh3 Rb3 42. h5 Rb1 43. g4+ Kf6 44. Rc4 Ke5 45. Kg3 Rg1+ 46. Kf2 Rb1 47.
Rc6 Kf4 48. Rf6+ 1-0

[Event "Ifjusagi csapatbajnoksag"]
[Site "Budapest"]
[Date "2015.08.27"]
[Round "2.38"]
[White "Szilassi, Abel"]
[Black "Dragnev, Valentin"]
[Result "0-1"]
[WhiteElo "1968"]
[BlackElo "2339"]
[PlyCount "80"]
[EventDate "2015.??.??"]

1. e4 e5 2. Nf3 Nc6 3. d4 exd4 4. Nxd4 Bb4+ 5. c3 Bc5 6. Be3 Bb6 7. Bc4 Nf6 8.
Nd2 O-O 9. O-O Re8 10. Qb3 Na5 11. Qb5 Nxc4 12. Nxc4 Nxe4 13. Qh5 g6 14. Qh6
Bc5 15. f3 Bf8 16. Qf4 Nd6 17. Nd2 Bg7 18. Bf2 Be5 19. Qg4 c5 20. f4 Bg7 21.
Bh4 Qc7 22. N4f3 Ne4 23. Nxe4 d5 24. Nf6+ Bxf6 25. Qg3 Bg7 26. Rad1 Qd6 27. f5
Qc6 28. f6 Bf8 29. Qg5 Be6 30. Ne5 Qb6 31. Rf2 d4 32. cxd4 cxd4 33. Nd3 Bxa2
34. Bg3 Bb3 35. Rc1 Rac8 36. Be5 Qb5 37. Rxc8 Rxc8 38. Qg3 Bc4 39. Ne1 Qa5 40.
Rf4 Qxe5 0-1

[Event "Ifjusagi csapatbajnoksag"]
[Site "Budapest"]
[Date "2015.08.27"]
[Round "2.39"]
[White "Juhasz, Armin"]
[Black "Valyi, Blanka Borbala"]
[Result "1-0"]
[WhiteElo "2315"]
[BlackElo "1895"]
[PlyCount "67"]
[EventDate "2015.??.??"]

1. d4 Nf6 2. c4 g6 3. Nc3 Bg7 4. e4 d6 5. Be2 O-O 6. Bg5 Nbd7 7. Qd2 Re8 8. f3
c6 9. Nh3 Qc7 10. Nf2 a6 11. Rc1 e5 12. d5 Rb8 13. O-O Nf8 14. b4 b6 15. dxc6
Qxc6 16. Nd5 Nxd5 17. cxd5 Qd7 18. Rc3 f6 19. Be3 Re7 20. Rfc1 Qd8 21. Rc6 Rd7
22. Qc2 Bb7 23. Bxb6 Qe7 24. Rc3 Bh6 25. Be3 Bxe3 26. Rxe3 Rdd8 27. Rc3 Nd7 28.
Rc7 Qf8 29. Qa4 Nb6 30. Qa5 Na8 31. R7c3 f5 32. a3 fxe4 33. Nxe4 Bxd5 34. Qxd5+
1-0

[Event "Ifjusagi csapatbajnoksag"]
[Site "Budapest"]
[Date "2015.08.27"]
[Round "2.40"]
[White "Berczi, Peter"]
[Black "Orosz, Andras"]
[Result "0-1"]
[WhiteElo "1825"]
[BlackElo "2281"]
[PlyCount "80"]
[EventDate "2015.??.??"]

1. e4 c5 2. Nf3 g6 3. d4 cxd4 4. Nxd4 Nc6 5. c4 Nf6 6. Nc3 d6 7. Be2 Nxd4 8.
Qxd4 Bg7 9. Be3 O-O 10. Qd2 Be6 11. Rc1 a6 12. b3 Rb8 13. f3 Qe8 14. a4 Nd7 15.
Nd5 Nc5 16. Bxc5 dxc5 17. Qg5 Bxd5 18. cxd5 Bd4 19. h4 f6 20. Qd2 Qd8 21. f4
Kh8 22. Bf3 b5 23. h5 g5 24. fxg5 fxg5 25. Qxg5 bxa4 26. bxa4 Rb2 27. Rxc5 Rb1+
28. Rc1 Qa5+ 29. Ke2 Rb2+ 30. Kd3 Bf6 31. Qh6 Rfb8 32. e5 Qxa4 33. exf6 R8b3+
34. Rc3 Rxc3+ 35. Kxc3 Rb3+ 36. Kd2 Qd4+ 37. Ke1 Rb1+ 38. Ke2 Rb2+ 39. Ke1 Qf2+
40. Kd1 Qc2+ 0-1

[Event "Ifjusagi csapatbajnoksag"]
[Site "Budapest"]
[Date "2015.08.27"]
[Round "2.41"]
[White "Haszon, Kamilla Sara"]
[Black "Boa, Bence"]
[Result "1-0"]
[WhiteElo "2000"]
[BlackElo "1724"]
[PlyCount "75"]
[EventDate "2015.??.??"]

1. e4 c6 2. c4 e6 3. Nc3 d5 4. cxd5 exd5 5. exd5 cxd5 6. Bb5+ Nc6 7. d4 Bb4 8.
Qa4 Nge7 9. Qxb4 O-O 10. Qa4 Re8 11. Nge2 Bg4 12. O-O a6 13. Bxc6 Nxc6 14. f3
Bf5 15. Qd1 Nb4 16. a3 Nc2 17. Ng3 Nxa1 18. Nxf5 Qf6 19. Qd3 Rad8 20. h4 h6 21.
Bxh6 gxh6 22. Rxa1 Kh8 23. Rf1 Rg8 24. Nd1 h5 25. Nde3 Qg6 26. Qb3 Rd7 27. Rc1
Qf6 28. Rc5 Rgd8 29. Qc2 Re8 30. Nxd5 Qe6 31. Nde3 Red8 32. Qc3 f6 33. d5 Qf7
34. d6 Qe6 35. Nd4 Qxd6 36. Rxh5+ Kg8 37. Qc4+ Rf7 38. Nef5 1-0

[Event "Ifjusagi csapatbajnoksag"]
[Site "Budapest"]
[Date "2015.08.27"]
[Round "2.43"]
[White "Korpa, Bence"]
[Black "Gyimesi, Peter"]
[Result "1-0"]
[WhiteElo "2433"]
[BlackElo "1937"]
[PlyCount "53"]
[EventDate "2015.??.??"]

1. c4 c5 2. Nf3 Nc6 3. Nc3 g6 4. e3 Nf6 5. d4 cxd4 6. exd4 d5 7. cxd5 Nxd5 8.
Qb3 Nxc3 9. Bc4 e6 10. bxc3 Bg7 11. Ba3 Na5 12. Bb5+ Bd7 13. Qa4 b6 14. Nd2 Rc8
15. O-O Bxb5 16. Qxb5+ Qd7 17. Qd3 Bf8 18. Ne4 Be7 19. Bxe7 Qxe7 20. d5 exd5
21. Qd4 Kd7 22. Nf6+ Kc6 23. Nxd5 Qc5 24. Qf6+ Kxd5 25. c4+ Qxc4 26. Rfd1+ Kc5
27. Rac1 1-0

[Event "Ifjusagi csapatbajnoksag"]
[Site "Budapest"]
[Date "2015.08.27"]
[Round "2.44"]
[White "Gorog, Almos"]
[Black "Nayhebaver, Martin"]
[Result "0-1"]
[WhiteElo "1912"]
[BlackElo "2404"]
[PlyCount "56"]
[EventDate "2015.??.??"]

1. c4 e5 2. Nc3 Nc6 3. g3 Nf6 4. Bg2 Bc5 5. e3 O-O 6. Nge2 d6 7. O-O Bf5 8. a3
a5 9. d4 Bb6 10. c5 dxc5 11. dxe5 Nd7 12. f4 c4 13. Bxc6 bxc6 14. Nd4 Bd3 15.
Nxc6 Qe8 16. Re1 Nc5 17. Nd4 Rd8 18. Qg4 f6 19. e6 f5 20. Qf3 Nxe6 21. Nxe6
Qxe6 22. Na4 Be4 23. Qe2 Ba7 24. Nc3 Bb7 25. Kf1 Rd3 26. e4 Qb6 27. Kg2 Rxc3
28. bxc3 Bxe4+ 0-1

[Event "Ifjusagi csapatbajnoksag"]
[Site "Budapest"]
[Date "2015.08.27"]
[Round "2.45"]
[White "Acs, Petra"]
[Black "Toth, Abel Levente"]
[Result "1/2-1/2"]
[WhiteElo "1746"]
[BlackElo "1754"]
[PlyCount "46"]
[EventDate "2015.??.??"]

1. e4 e6 2. d4 d5 3. exd5 exd5 4. Bd3 Nf6 5. Nf3 c5 6. dxc5 Bxc5 7. O-O O-O 8.
h3 Be6 9. Nc3 Nc6 10. Bf4 Re8 11. a3 Qd7 12. Re1 Rad8 13. Qd2 a6 14. Rad1 Ne7
15. Ne5 Qc8 16. Bg3 Ng6 17. Qg5 h6 18. Qd2 Nxe5 19. Bxe5 Nh7 20. Bf4 Bf8 21.
Ne2 Bf5 22. Ng3 Rxe1+ 23. Rxe1 Bxd3 1/2-1/2

[Event "Ifjusagi csapatbajnoksag"]
[Site "Budapest"]
[Date "2015.08.27"]
[Round "2.46"]
[White "Pasztor, Flora Katinka"]
[Black "Szabo, Balint"]
[Result "1/2-1/2"]
[WhiteElo "1705"]
[BlackElo "1619"]
[PlyCount "72"]
[EventDate "2015.??.??"]

1. e4 e5 2. Nf3 Nc6 3. Bc4 Bc5 4. c3 Nf6 5. d4 exd4 6. cxd4 Bb4+ 7. Bd2 Bxd2+
8. Nbxd2 d5 9. exd5 Nxd5 10. O-O O-O 11. h3 Nb6 12. Qc2 Nxd4 13. Nxd4 Qxd4 14.
Bd3 h6 15. Nf3 Qf4 16. Qb3 Be6 17. Qa3 Kh8 18. Bc2 Nd7 19. Qd3 Nf6 20. Nd4 Bd5
21. Rfe1 Rfe8 22. Ne2 Qe4 23. Qxe4 Bxe4 24. Ba4 c6 25. Ng3 Bd5 26. a3 Rxe1+ 27.
Rxe1 Be6 28. Rd1 Rc8 29. Bc2 c5 30. f4 b5 31. f5 Bd5 32. Nh5 Be4 33. Bxe4 Nxe4
34. Rd7 Kg8 35. Rxa7 Rc6 36. Rb7 Nd6 1/2-1/2

[Event "Ifjusagi csapatbajnoksag"]
[Site "Budapest"]
[Date "2015.08.27"]
[Round "2.47"]
[White "Acs, Kristof"]
[Black "Kelemen, Szabolcs"]
[Result "1-0"]
[WhiteElo "1665"]
[BlackElo "1816"]
[PlyCount "95"]
[EventDate "2015.??.??"]

1. e4 c5 2. c3 d5 3. exd5 Qxd5 4. d4 Nf6 5. Nf3 Bg4 6. Qa4+ Nc6 7. Bc4 Qe4+ 8.
Be3 Bxf3 9. Nd2 Qg4 10. Nxf3 Qxg2 11. Ke2 Qg6 12. d5 Ne4 13. dxc6 O-O-O 14.
cxb7+ Kb8 15. Rad1 Nd6 16. Bxc5 Qe4+ 17. Be3 Qxb7 18. Qb3 e6 19. Qxb7+ Kxb7 20.
Bb3 Be7 21. Rhg1 g6 22. Bc5 Kc6 23. Bxa7 Ra8 24. Bd4 Rhb8 25. Ne5+ Kc7 26. Bc5
f6 27. Nf3 e5 28. Bxd6+ Bxd6 29. h3 Ra5 30. Rg4 Rb6 31. Rc4+ Kb7 32. Rd2 g5 33.
Ra4 Rxa4 34. Bxa4 h6 35. b3 f5 36. Rd5 Bc7 37. Kf1 Re6 38. Bd7 Re7 39. Bxf5 e4
40. Nd2 e3 41. fxe3 Rxe3 42. Rd3 Re7 43. Be4+ Kb6 44. Nc4+ Kb5 45. Rd5+ Ka6 46.
Bf3 Ka7 47. a4 Ka6 48. b4 1-0

[Event "Ifjusagi csapatbajnoksag"]
[Site "Budapest"]
[Date "2015.08.27"]
[Round "2.48"]
[White "Pasztor, Daniel"]
[Black "Giczi, Alexandra Laura"]
[Result "1-0"]
[WhiteElo "1645"]
[BlackElo "1425"]
[PlyCount "119"]
[EventDate "2015.??.??"]

1. e4 e6 2. d4 d5 3. Nc3 Bb4 4. e5 c5 5. Bd2 Bd7 6. Qg4 Ne7 7. dxc5 Bxc5 8.
Qxg7 Ng6 9. Qh6 Qb6 10. Nd1 Nc6 11. Nf3 Nd4 12. Nxd4 Bxd4 13. f4 O-O-O 14. c3
Bc5 15. b4 Be7 16. Be3 Qc7 17. Bxa7 f6 18. Bd4 fxe5 19. fxe5 Nxe5 20. Qe3 Ng4
21. Qg1 Qf4 22. Bxh8 Qe4+ 23. Be2 Bb5 24. Ne3 Nxe3 25. Bxb5 Nxg2+ 26. Kd1 Ne3+
27. Kd2 Nc4+ 28. Bxc4 dxc4+ 29. Bd4 Bf6 30. Qe3 Qg2+ 31. Qe2 Bg5+ 32. Kd1 Qxh1+
33. Qe1 Qf3+ 34. Kc2 Qf5+ 35. Kb2 Bf6 36. Bxf6 Qxf6 37. Qe2 b5 38. Rf1 Qh6 39.
Rf2 Rd3 40. Qe1 e5 41. Qe2 e4 42. Qxe4 Rd2+ 43. Rxd2 Qxd2+ 44. Qc2 Qd7 45. Qg2
Qc7 46. Qa8+ Kd7 47. Qd5+ Ke7 48. Qc5+ Qxc5 49. bxc5 Kd7 50. Ka3 Kc6 51. Kb4 h6
52. h3 h5 53. h4 Kc7 54. Kxb5 Kb7 55. a4 Ka7 56. c6 Kb8 57. a5 Ka8 58. Kb6 Kb8
59. c7+ Kc8 60. a6 1-0

[Event "Ifjusagi csapatbajnoksag"]
[Site "Budapest"]
[Date "2015.08.27"]
[Round "3.1"]
[White "Terbe, Julianna"]
[Black "Csonka, Balazs"]
[Result "1/2-1/2"]
[WhiteElo "2232"]
[BlackElo "2410"]
[PlyCount "42"]
[EventDate "2015.??.??"]

1. e4 c5 2. c3 Nf6 3. e5 Nd5 4. Nf3 e6 5. Bc4 Nc6 6. d4 cxd4 7. cxd4 d6 8. O-O
Be7 9. Bd2 O-O 10. Nc3 dxe5 11. dxe5 Nxc3 12. Bxc3 b6 13. Qe2 Bb7 14. Rfd1 Qb8
15. a3 Rd8 16. b4 Rxd1+ 17. Rxd1 Qc7 18. Bb2 Rd8 19. Rc1 Qd7 20. Bb5 Qd5 21.
Bc4 Qd7 1/2-1/2